|
|
|
|
| LEADER |
02111nam a2200469 i 4500 |
| 001 |
EBC4526186 |
| 003 |
MiAaPQ |
| 005 |
20200917021826.0 |
| 006 |
m o d | |
| 007 |
cr cnu|||||||| |
| 008 |
160614t20162016ne ob 001 0 eng d |
| 020 |
|
|
|z 9789004313439
|
| 020 |
|
|
|a 9789004313446 (e-book)
|
| 035 |
|
|
|a (MiAaPQ)EBC4526186
|
| 035 |
|
|
|a (Au-PeEL)EBL4526186
|
| 035 |
|
|
|a (CaPaEBR)ebr11211252
|
| 035 |
|
|
|a (CaONFJC)MIL921264
|
| 035 |
|
|
|a (OCoLC)942610773
|
| 040 |
|
|
|a MiAaPQ
|b eng
|e rda
|e pn
|c MiAaPQ
|d MiAaPQ
|
| 043 |
|
|
|a n-us---
|
| 050 |
|
4 |
|a K3947.C68
|b .T395 2016
|
| 082 |
0 |
|
|a 382/.41351
|2 23
|
| 100 |
1 |
|
|a Taylor Black, Meredith A.,
|e author.
|
| 245 |
1 |
0 |
|a King Cotton in international trade :
|b the political economy of dispute resolution at the WTO /
|c by Meredith A. Taylor Black.
|
| 264 |
|
1 |
|a Leiden, [Netherlands] ;
|a Boston, [Massachusetts] :
|b Brill Nijhoff,
|c 2016.
|
| 264 |
|
4 |
|c 2016
|
| 300 |
|
|
|a 1 online resource (438 pages).
|
| 336 |
|
|
|a text
|2 rdacontent
|
| 337 |
|
|
|a computer
|2 rdamedia
|
| 338 |
|
|
|a online resource
|2 rdacarrier
|
| 490 |
0 |
|
|a World Trade Institute Advanced Studies,
|x 2405-9331 ;
|v Volume 1
|
| 504 |
|
|
|a Includes bibliographical references and index.
|
| 588 |
|
|
|a Description based on print version record.
|
| 590 |
|
|
|a Electronic reproduction. Ann Arbor, MI : ProQuest, 2016. Available via World Wide Web. Access may be limited to ProQuest affiliated libraries.
|
| 610 |
2 |
0 |
|a World Trade Organization.
|
| 650 |
|
0 |
|a Cotton trade
|x Law and legislation.
|
| 650 |
|
0 |
|a Foreign trade regulation.
|
| 651 |
|
0 |
|a United States
|x Foreign economic relations.
|
| 655 |
|
4 |
|a Electronic books.
|
| 776 |
0 |
8 |
|i Print version:
|a Taylor Black, Meredith A.
|t King Cotton in international trade : the political economy of dispute resolution at the WTO.
|d Leiden, [Netherlands] ; Boston, [Massachusetts] : Brill Nijhoff, c2016
|h xix, 418 pages
|k World Trade Institute Advanced Studies ; Volume 1
|z 9789004313439
|w 2016009518
|
| 797 |
2 |
|
|a ProQuest (Firm)
|
| 856 |
4 |
0 |
|u https://ebookcentral.proquest.com/lib/matrademy/detail.action?docID=4526186
|z Click to View
|